00454nam a2200157Ia 450000500170000000800410001708200130005810000190007124500210009026000400011130000120015165000190016394200060018295200950018899900130028320250410024130.0240331s9999 xx 000 0 und d a149bVEN aVenkatraman, K 0aPinnaveenathuvam aThanchavurbThamilar kannodamc1997 a42 p ., aPost modernism cL 001040708LaWERCLbWERCLcSSCd2024-03-31l0o 149 VENp2613r2024-03-31w2024-03-31yL c740d740